[Event "DVM U20w 2020"]
[Site "Willingen GER"]
[Date "2021.06.25"]
[Round "4"]
[White "Hartmann, Hannah"]
[Black "Peglau, Sarah"]
[Result "0-1"]
[Termination "normal"]
[Board "2.3"]
[WhiteElo "1327"]
[BlackElo "1733"]
[WhiteClock "01:15:15"]
[BlackClock "01:02:08"]
[WhiteTeam "SC Landskrone"]
[BlackTeam "Schachzentrum Seeblick e. V."]
[PlyCount "108"]
[WhiteFideId "16235274"]
[BlackFideId "16219961"]
[EventCountry "GER"]
[EventRounds "7"]
[EventType "team-swiss"]
[EventDate "2021.06.23"]

1. e4 {[%clk 01:30:58]  [%emt 00:00:03]} 1... c6 { [%clk 01:30:44]  [%emt
00:00:16]} 2. d4 {[%clk 01:31:13]  [%emt 00:00:15]} 2... d5 {[%clk 01:31:09] 
[%emt 00:00:04]} 3. exd5 {[%clk 01:31:31]  [%emt 00:00:12] } 3... cxd5 {[%clk
01:31:37]  [%emt 00:00:02]} 4. Nc3 { [%clk 01:31:51]  [%emt 00:00:11]} 4... Bf5
{[%clk 01:31:21]  [%emt 00:00:46]} 5. Nf3 {[%clk 01:31:51]  [%emt 00:00:30]}
5... e6 { [%clk 01:31:18]  [%emt 00:00:33]} 6. Bd3 {[%clk 01:31:19]  [%emt
00:01:02]} 6... Bg4 {[%clk 01:29:17]  [%emt 00:02:31]} 7. h3 { [%clk 01:30:23] 
[%emt 00:01:26]} 7... Bh5 {[%clk 01:29:39]  [%emt 00:00:08]} 8. Bf4 {[%clk
01:30:43]  [%emt 00:00:11]} 8... Nc6 { [%clk 01:25:37]  [%emt 00:04:31]} 9. Be2
{[%clk 01:29:44]  [%emt 00:01:30]} 9... Bxf3 {[%clk 01:18:50]  [%emt 00:07:17]}
10. Bxf3 { [%clk 01:30:04]  [%emt 00:00:10]} 10... Qb6 {[%clk 01:19:05]  [%emt
00:00:14]} 11. Rb1 {[%clk 01:27:28]  [%emt 00:03:06]} 11... Qxd4 { [%clk
01:17:35]  [%emt 00:02:01]} 12. Qxd4 {[%clk 01:26:53]  [%emt 00:01:06]} 12...
Nxd4 {[%clk 01:18:01]  [%emt 00:00:03]} 13. Be2 { [%clk 01:25:12]  [%emt
00:02:11]} 13... Nxc2+ {[%clk 01:17:24]  [%emt 00:01:07] } 14. Kd2 {[%clk
01:25:22]  [%emt 00:00:21]} 14... Nd4 { [%clk 01:17:17]  [%emt 00:00:37]} 15.
Rhe1 {[%clk 01:23:10]  [%emt 00:02:43]} 15... Nxe2 {[%clk 01:16:35]  [%emt
00:01:12]} 16. Kxe2 { [%clk 01:23:28]  [%emt 00:00:12]} 16... Rc8 {[%clk
01:15:15]  [%emt 00:01:50]} 17. Kf1 {[%clk 01:23:03]  [%emt 00:00:55]} 17...
Nf6 { [%clk 01:14:06]  [%emt 00:01:38]} 18. a3 {[%clk 01:22:12]  [%emt
00:01:22]} 18... Be7 {[%clk 01:11:47]  [%emt 00:02:50]} 19. Nb5 { [%clk
01:18:41]  [%emt 00:04:02]} 19... a6 {[%clk 01:10:19]  [%emt 00:01:57]} 20.
Nd6+ {[%clk 01:18:26]  [%emt 00:00:46]} 20... Bxd6 { [%clk 01:10:39]  [%emt
00:00:09]} 21. Bxd6 {[%clk 01:18:42]  [%emt 00:00:14]} 21... Ne4 {[%clk
01:08:50]  [%emt 00:02:19]} 22. Bh2 { [%clk 01:18:02]  [%emt 00:01:10]} 22...
Nd2+ {[%clk 01:05:51]  [%emt 00:03:28]} 23. Kg1 {[%clk 01:18:15]  [%emt
00:00:18]} 23... Nxb1 { [%clk 01:06:10]  [%emt 00:00:10]} 24. Rxb1 {[%clk
01:18:35]  [%emt 00:00:09]} 24... Ke7 {[%clk 01:06:00]  [%emt 00:00:41]} 25.
Rd1 { [%clk 01:16:45]  [%emt 00:02:20]} 25... Rc2 {[%clk 01:06:16]  [%emt
00:00:15]} 26. Be5 {[%clk 01:16:20]  [%emt 00:00:53]} 26... f6 { [%clk
01:06:24]  [%emt 00:00:23]} 27. Bc3 {[%clk 01:15:50]  [%emt 00:01:01]} 27...
Rc8 {[%clk 01:06:37]  [%emt 00:00:16]} 28. Rd3 { [%clk 01:12:16]  [%emt
00:04:04]} 28... b6 {[%clk 01:03:03]  [%emt 00:04:04]} 29. Kf1 {[%clk 01:11:06]
 [%emt 00:01:40]} 29... a5 { [%clk 01:02:50]  [%emt 00:00:42]} 30. Ke1 {[%clk
01:11:21]  [%emt 00:00:15]} 30... Kd6 {[%clk 01:03:04]  [%emt 00:00:16]} 31.
Rf3 { [%clk 01:11:18]  [%emt 00:00:33]} 31... Rc1+ {[%clk 01:01:17]  [%emt
00:02:18]} 32. Kd2 {[%clk 01:10:50]  [%emt 00:00:58]} 32... Rg1 { [%clk
01:01:36]  [%emt 00:00:11]} 33. g3 {[%clk 01:10:49]  [%emt 00:00:31]} 33... e5
{[%clk 01:01:39]  [%emt 00:00:27]} 34. Kc2 { [%clk 01:10:28]  [%emt 00:00:49]}
34... d4 {[%clk 01:02:00]  [%emt 00:00:10]} 35. Rd3 {[%clk 01:10:14]  [%emt
00:00:45]} 35... Ke6 { [%clk 01:02:08]  [%emt 00:00:20]} 36. Kb3 {[%clk
01:10:24]  [%emt 00:00:20]} 36... dxc3 {[%clk 01:02:02]  [%emt 00:00:36]} 37.
Rxc3 { [%clk 01:10:42]  [%emt 00:00:12]} 37... Rxc3+ {[%clk 01:02:25]  [%emt
00:00:07] } 38. Kxc3 {[%clk 01:11:06]  [%emt 00:00:06]} 38... Rf1 { [%clk
01:02:45]  [%emt 00:00:09]} 39. Kc4 {[%clk 01:11:10]  [%emt 00:00:27]} 39...
Rxf2 {[%clk 01:03:05]  [%emt 00:00:10]} 40. b3 { [%clk 01:11:20]  [%emt
00:00:20]} 40... Rf3 {[%clk 01:02:26]  [%emt 00:01:09]} 41. b4 {[%clk 01:11:26]
 [%emt 00:00:24]} 41... axb4 { [%clk 01:02:33]  [%emt 00:00:22]} 42. Kxb4
{[%clk 01:11:51]  [%emt 00:00:05]} 42... e4 {[%clk 01:02:56]  [%emt 00:00:07]}
43. a4 { [%clk 01:12:12]  [%emt 00:00:08]} 43... e3 {[%clk 01:02:35]  [%emt
00:00:50]} 44. Kc3 {[%clk 01:12:36]  [%emt 00:00:07]} 44... Rf2 { [%clk
01:01:49]  [%emt 00:01:17]} 45. Kd3 {[%clk 01:12:48]  [%emt 00:00:19]} 45... e2
{[%clk 01:02:08]  [%emt 00:00:11]} 46. Kd2 { [%clk 01:13:12]  [%emt 00:00:06]}
46... Ke5 {[%clk 01:02:18]  [%emt 00:00:19]} 47. Ke1 {[%clk 01:13:12]  [%emt
00:00:30]} 47... Rh2 { [%clk 01:02:37]  [%emt 00:00:11]} 48. Kd2 {[%clk
01:13:35]  [%emt 00:00:08]} 48... Ke4 {[%clk 01:02:57]  [%emt 00:00:10]} 49. a5
{ [%clk 01:13:41]  [%emt 00:00:23]} 49... bxa5 {[%clk 01:03:20]  [%emt
00:00:08]} 50. h4 {[%clk 01:14:05]  [%emt 00:00:07]} 50... e1=Q+ { [%clk
01:01:24]  [%emt 00:02:26]} 51. Kxe1 {[%clk 01:14:03]  [%emt 00:00:31]} 51...
a4 {[%clk 01:01:33]  [%emt 00:00:21]} 52. Kd1 { [%clk 01:14:20]  [%emt
00:00:12]} 52... a3 {[%clk 01:01:55]  [%emt 00:00:09]} 53. Kc1 {[%clk
01:14:49]} 53... a2 {[%clk 01:02:19]  [%emt 00:00:06]} 54. Kd1 { [%clk
01:15:15]  [%emt 00:00:04]} 54... a1=Q# {[%clk 01:02:08]  [%emt 00:00:10] } 0-1

[Event "DVM U20w 2020"]
[Site "Willingen GER"]
[Date "2021.06.25"]
[Round "4"]
[White "Peglau, Charis"]
[Black "Hartmann, Maria"]
[Result "1-0"]
[Termination "normal"]
[Board "2.4"]
[WhiteElo "1726"]
[BlackElo "733"]
[WhiteClock "01:01:52"]
[BlackClock "00:26:15"]
[WhiteTeam "Schachzentrum Seeblick e. V."]
[BlackTeam "SC Landskrone"]
[PlyCount "53"]
[WhiteFideId "16219996"]
[BlackFideId "34606084"]
[EventCountry "GER"]
[EventRounds "7"]
[EventType "team-swiss"]
[EventDate "2021.06.23"]

1. d4 {[%clk 01:30:55]  [%emt 00:00:05]} 1... d5 { [%clk 01:30:53]  [%emt
00:00:07]} 2. c4 {[%clk 01:31:20]  [%emt 00:00:04]} 2... Nf6 {[%clk 01:30:49] 
[%emt 00:00:35]} 3. cxd5 { [%clk 01:31:29]  [%emt 00:00:20]} 3... Nxd5 {[%clk
01:31:07]  [%emt 00:00:12]} 4. Nf3 {[%clk 01:30:15]  [%emt 00:01:44]} 4... Bf5
{ [%clk 01:29:05]  [%emt 00:02:31]} 5. Qb3 {[%clk 01:21:26]  [%emt 00:09:19]}
5... b6 {[%clk 01:23:10]  [%emt 00:06:25]} 6. Nbd2 { [%clk 01:16:57]  [%emt
00:05:00]} 6... Nd7 {[%clk 01:20:50]  [%emt 00:02:50]} 7. Qxd5 {[%clk 01:16:08]
 [%emt 00:01:18]} 7... e6 { [%clk 01:19:23]  [%emt 00:01:56]} 8. Qb3 {[%clk
01:15:52]  [%emt 00:00:46]} 8... Qf6 {[%clk 01:09:58]  [%emt 00:09:55]} 9. e4 {
[%clk 01:14:32]  [%emt 00:01:50]} 9... Bg4 {[%clk 01:06:08]  [%emt 00:04:20]}
10. Bb5 {[%clk 01:14:25]  [%emt 00:00:38]} 10... Rd8 { [%clk 00:58:07]  [%emt
00:08:29]} 11. Bxd7+ {[%clk 01:13:54]  [%emt 00:01:02]} 11... Rxd7 {[%clk
00:57:16]  [%emt 00:01:21]} 12. Ne5 { [%clk 01:13:45]  [%emt 00:00:39]} 12...
Rxd4 {[%clk 00:54:19]  [%emt 00:03:27]} 13. Qb5+ {[%clk 01:12:16]  [%emt
00:01:59]} 13... Ke7 { [%clk 00:49:21]  [%emt 00:05:28]} 14. Nc6+ {[%clk
01:11:29]  [%emt 00:01:17]} 14... Kd7 {[%clk 00:41:53]  [%emt 00:07:58]} 15.
Nxd4+ { [%clk 01:11:20]  [%emt 00:00:40]} 15... Kc8 {[%clk 00:40:48]  [%emt
00:01:35]} 16. Qa6+ {[%clk 01:07:02]  [%emt 00:04:47]} 16... Kd7 { [%clk
00:39:12]  [%emt 00:02:05]} 17. Qb5+ {[%clk 01:06:59]  [%emt 00:00:35]} 17...
Kc8 {[%clk 00:38:08]  [%emt 00:01:33]} 18. Qe8+ { [%clk 01:06:35]  [%emt
00:00:53]} 18... Kb7 {[%clk 00:37:40]  [%emt 00:00:58]} 19. Qc6+ {[%clk
01:06:54]  [%emt 00:00:11]} 19... Kc8 { [%clk 00:36:40]  [%emt 00:01:30]} 20.
Nb5 {[%clk 01:06:50]  [%emt 00:00:34]} 20... Qe7 {[%clk 00:34:56]  [%emt
00:02:14]} 21. Qa8+ { [%clk 01:06:13]  [%emt 00:01:07]} 21... Kd7 {[%clk
00:34:20]  [%emt 00:01:05]} 22. Nxa7 {[%clk 01:06:02]  [%emt 00:00:42]} 22...
f5 { [%clk 00:28:26]  [%emt 00:06:24]} 23. Qc8+ {[%clk 01:05:31]  [%emt
00:01:01]} 23... Kd6 {[%clk 00:28:00]  [%emt 00:00:56]} 24. Nc4+ { [%clk
01:04:39]  [%emt 00:01:21]} 24... Kc5 {[%clk 00:27:46]  [%emt 00:00:44]} 25.
Be3+ {[%clk 01:02:03]  [%emt 00:03:06]} 25... Kxc4 { [%clk 00:26:24]  [%emt
00:01:52]} 26. Qa6+ {[%clk 01:02:05]  [%emt 00:00:28]} 26... Kb4 {[%clk
00:26:15]  [%emt 00:00:38]} 27. Qb5# { [%clk 01:01:52]  [%emt 00:00:14]} 1-0

[Event "DVM U20w 2020"]
[Site "Willingen GER"]
[Date "2021.06.25"]
[Round "4"]
[White "Arnhold, Steffi"]
[Black "Brunner, Sophia"]
[Result "1-0"]
[Termination "normal"]
[Board "3.1"]
[WhiteElo "2031"]
[BlackElo "1892"]
[WhiteClock "00:03:59"]
[BlackClock "00:10:39"]
[WhiteTeam "SC Bavaria Regensburg von 1881 e.V."]
[BlackTeam "SK Nordhorn-Blanke"]
[PlyCount "97"]
[WhiteFideId "12931365"]
[BlackFideId "12960683"]
[EventCountry "GER"]
[EventRounds "7"]
[EventType "team-swiss"]
[EventDate "2021.06.23"]

1. e4 {[%clk 01:30:57]  [%emt 00:00:03]} 1... e6 { [%clk 01:30:56]  [%emt
00:00:04]} 2. d4 {[%clk 01:31:19]  [%emt 00:00:08]} 2... d5 {[%clk 01:31:19] 
[%emt 00:00:07]} 3. Nc3 {[%clk 01:31:43]  [%emt 00:00:07]} 3... Nf6 {[%clk
01:31:43]  [%emt 00:00:06]} 4. e5 { [%clk 01:31:57]  [%emt 00:00:15]} 4... Nfd7
{[%clk 01:32:04]  [%emt 00:00:08]} 5. f4 {[%clk 01:32:22]  [%emt 00:00:06]}
5... c5 { [%clk 01:32:29]  [%emt 00:00:05]} 6. Nf3 {[%clk 01:32:35]  [%emt
00:00:17]} 6... Nc6 {[%clk 01:32:29]  [%emt 00:00:29]} 7. Be3 { [%clk 01:32:31]
 [%emt 00:00:34]} 7... Qb6 {[%clk 01:32:45]  [%emt 00:00:14]} 8. Qd2 {[%clk
01:32:04]  [%emt 00:00:58]} 8... c4 { [%clk 01:25:25]  [%emt 00:07:50]} 9. Nd1
{[%clk 01:23:52]  [%emt 00:08:42]} 9... Bb4 {[%clk 01:18:25]  [%emt 00:07:29]}
10. c3 { [%clk 01:24:05]  [%emt 00:00:18]} 10... Be7 {[%clk 01:18:48]  [%emt
00:00:07]} 11. g3 {[%clk 01:20:51]  [%emt 00:03:44]} 11... a6 { [%clk 01:13:54]
 [%emt 00:05:23]} 12. Bh3 {[%clk 01:19:23]  [%emt 00:01:59]} 12... Qc7 {[%clk
01:04:56]  [%emt 00:09:27]} 13. O-O { [%clk 01:15:12]  [%emt 00:04:42]} 13...
b5 {[%clk 00:56:57]  [%emt 00:08:29]} 14. f5 {[%clk 01:10:06]  [%emt 00:05:36]}
14... exf5 { [%clk 00:51:49]  [%emt 00:05:38]} 15. Bf4 {[%clk 01:02:28]  [%emt
00:08:07]} 15... Qd8 {[%clk 00:49:46]  [%emt 00:02:33]} 16. Bxf5 { [%clk
01:00:48]  [%emt 00:02:11]} 16... Nf8 {[%clk 00:46:03]  [%emt 00:04:12]} 17.
Bxc8 {[%clk 00:56:09]  [%emt 00:05:09]} 17... Rxc8 { [%clk 00:42:32]  [%emt
00:04:01]} 18. Bg5 {[%clk 00:52:41]  [%emt 00:03:58]} 18... Ne6 {[%clk
00:41:48]  [%emt 00:01:13]} 19. Bxe7 { [%clk 00:52:54]  [%emt 00:00:18]} 19...
Nxe7 {[%clk 00:36:11]  [%emt 00:06:07]} 20. Ne3 {[%clk 00:52:19]  [%emt
00:01:06]} 20... O-O { [%clk 00:35:13]  [%emt 00:01:27]} 21. Rae1 {[%clk
00:47:33]  [%emt 00:05:17]} 21... a5 {[%clk 00:29:45]  [%emt 00:05:57]} 22. Qe2
{ [%clk 00:40:09]  [%emt 00:07:55]} 22... Rb8 {[%clk 00:27:34]  [%emt
00:02:40]} 23. Nh4 {[%clk 00:35:28]  [%emt 00:05:11]} 23... Ng5 { [%clk
00:24:19]  [%emt 00:03:45]} 24. Qg4 {[%clk 00:34:13]  [%emt 00:01:45]} 24...
Ng6 {[%clk 00:19:13]  [%emt 00:05:35]} 25. Nhf5 { [%clk 00:32:38]  [%emt
00:02:06]} 25... Ne6 {[%clk 00:16:55]  [%emt 00:02:48]} 26. h4 {[%clk 00:31:08]
 [%emt 00:02:00]} 26... Kh8 { [%clk 00:16:22]  [%emt 00:01:02]} 27. Nd6 {[%clk
00:28:51]  [%emt 00:02:48]} 27... Qd7 {[%clk 00:15:58]  [%emt 00:00:53]} 28. h5
{ [%clk 00:27:37]  [%emt 00:01:44]} 28... Ne7 {[%clk 00:16:22]  [%emt
00:00:06]} 29. Nxf7+ {[%clk 00:27:28]  [%emt 00:00:39]} 29... Kg8 { [%clk
00:16:44]  [%emt 00:00:08]} 30. Ng5 {[%clk 00:27:40]  [%emt 00:00:19]} 30...
Rb6 {[%clk 00:16:29]  [%emt 00:00:44]} 31. Rxf8+ { [%clk 00:19:40]  [%emt
00:08:31]} 31... Nxf8 {[%clk 00:16:37]  [%emt 00:00:20]} 32. Qf3 {[%clk
00:19:01]  [%emt 00:01:11]} 32... Qe8 { [%clk 00:15:25]  [%emt 00:01:41]} 33.
Nxd5 {[%clk 00:18:44]  [%emt 00:00:48]} 33... Nxd5 {[%clk 00:15:45]  [%emt
00:00:10]} 34. Qxd5+ { [%clk 00:19:08]  [%emt 00:00:06]} 34... Ne6 {[%clk
00:16:10]  [%emt 00:00:05]} 35. Rf1 {[%clk 00:15:57]  [%emt 00:03:42]} 35... h6
{ [%clk 00:15:57]  [%emt 00:00:43]} 36. Nxe6 {[%clk 00:15:59]  [%emt 00:00:28]}
36... Rxe6 {[%clk 00:16:19]  [%emt 00:00:09]} 37. Qf3 { [%clk 00:15:25]  [%emt
00:01:03]} 37... Re7 {[%clk 00:14:29]  [%emt 00:02:21]} 38. a3 {[%clk 00:14:57]
 [%emt 00:00:58]} 38... Re6 { [%clk 00:14:33]  [%emt 00:00:25]} 39. Qf5 {[%clk
00:13:18]  [%emt 00:02:09]} 39... Qe7 {[%clk 00:14:02]  [%emt 00:00:59]} 40.
Qg4 { [%clk 00:08:12]  [%emt 00:05:35]} 40... Qe8 {[%clk 00:12:55]  [%emt
00:01:37]} 41. Rf5 {[%clk 00:07:30]  [%emt 00:01:13]} 41... Qc6 { [%clk
00:11:17]  [%emt 00:02:09]} 42. Qf3 {[%clk 00:07:21]  [%emt 00:00:39]} 42...
Qe8 {[%clk 00:10:22]  [%emt 00:01:24]} 43. Qe4 { [%clk 00:07:08]  [%emt
00:00:43]} 43... g6 {[%clk 00:10:05]  [%emt 00:00:48]} 44. hxg6 {[%clk
00:06:56]  [%emt 00:00:41]} 44... Rxg6 { [%clk 00:10:18]  [%emt 00:00:18]} 45.
Kg2 {[%clk 00:05:57]  [%emt 00:01:29]} 45... Kh8 {[%clk 00:10:19]  [%emt
00:00:29]} 46. d5 { [%clk 00:03:19]  [%emt 00:03:08]} 46... Qg8 {[%clk
00:10:27]  [%emt 00:00:22]} 47. Qf3 {[%clk 00:03:22]  [%emt 00:00:26]} 47...
Qh7 { [%clk 00:10:17]  [%emt 00:00:40]} 48. Rf8+ {[%clk 00:03:36]  [%emt
00:00:17]} 48... Rg8 {[%clk 00:10:39]  [%emt 00:00:08]} 49. Qf6+ { [%clk
00:03:59]  [%emt 00:00:08]} 1-0

[Event "DVM U20w 2020"]
[Site "Willingen GER"]
[Date "2021.06.25"]
[Round "4"]
[White "Rudolph, Eva"]
[Black "Bardorz, Jana"]
[Result "1/2-1/2"]
[Termination "normal"]
[Board "3.2"]
[WhiteElo "1860"]
[BlackElo "1939"]
[WhiteClock "00:15:43"]
[BlackClock "00:32:44"]
[WhiteTeam "SK Nordhorn-Blanke"]
[BlackTeam "SC Bavaria Regensburg von 1881 e.V."]
[PlyCount "106"]
[WhiteFideId "16200594"]
[BlackFideId "16208897"]
[EventCountry "GER"]
[EventRounds "7"]
[EventType "team-swiss"]
[EventDate "2021.06.23"]

1. e4 {[%clk 01:30:58]  [%emt 00:00:02]} 1... e5 { [%clk 01:30:53]  [%emt
00:00:06]} 2. Nf3 {[%clk 01:31:22]  [%emt 00:00:07]} 2... Nc6 {[%clk 01:31:18] 
[%emt 00:00:06]} 3. d4 { [%clk 01:31:46]  [%emt 00:00:05]} 3... exd4 {[%clk
01:31:42]  [%emt 00:00:06]} 4. Nxd4 {[%clk 01:32:12]  [%emt 00:00:04]} 4... Bc5
{ [%clk 01:31:52]  [%emt 00:00:20]} 5. Nf5 {[%clk 01:32:29]  [%emt 00:00:13]}
5... Qf6 {[%clk 01:26:16]  [%emt 00:06:07]} 6. Nc3 { [%clk 01:32:27]  [%emt
00:00:32]} 6... Nge7 {[%clk 01:21:04]  [%emt 00:05:42]} 7. Ne3 {[%clk 01:32:33]
 [%emt 00:00:24]} 7... O-O { [%clk 01:18:39]  [%emt 00:02:55]} 8. Be2 {[%clk
01:32:39]  [%emt 00:00:24]} 8... d6 {[%clk 01:16:28]  [%emt 00:02:41]} 9. O-O {
[%clk 01:32:43]  [%emt 00:00:26]} 9... Nd4 {[%clk 01:12:36]  [%emt 00:04:22]}
10. Kh1 {[%clk 01:29:10]  [%emt 00:04:03]} 10... Nxe2 { [%clk 01:06:50]  [%emt
00:06:16]} 11. Qxe2 {[%clk 01:28:13]  [%emt 00:01:27]} 11... c6 {[%clk
01:07:05]  [%emt 00:00:15]} 12. f4 { [%clk 01:26:17]  [%emt 00:02:26]} 12...
Ng6 {[%clk 01:04:40]  [%emt 00:02:56]} 13. f5 {[%clk 01:20:16]  [%emt
00:06:32]} 13... Ne5 { [%clk 01:02:53]  [%emt 00:02:16]} 14. Ng4 {[%clk
01:13:46]  [%emt 00:06:59]} 14... Nxg4 {[%clk 00:59:05]  [%emt 00:04:18]} 15.
Qxg4 { [%clk 01:13:01]  [%emt 00:01:15]} 15... h6 {[%clk 00:52:20]  [%emt
00:07:14]} 16. e5 {[%clk 00:51:18]  [%emt 00:22:13]} 16... Qg6 { [%clk
00:47:41]  [%emt 00:05:08]} 17. Qf3 {[%clk 00:46:57]  [%emt 00:04:51]} 17...
Qh7 {[%clk 00:47:00]  [%emt 00:01:11]} 18. Ne4 { [%clk 00:44:09]  [%emt
00:03:19]} 18... Re8 {[%clk 00:41:06]  [%emt 00:06:24]} 19. f6 {[%clk 00:25:54]
 [%emt 00:18:45]} 19... g5 { [%clk 00:32:45]  [%emt 00:08:50]} 20. Nxd6 {[%clk
00:21:58]  [%emt 00:04:26]} 20... Bxd6 {[%clk 00:32:32]  [%emt 00:00:42]} 21.
exd6 { [%clk 00:21:27]  [%emt 00:01:02]} 21... Qxc2 {[%clk 00:27:59]  [%emt
00:05:03]} 22. h4 {[%clk 00:14:59]  [%emt 00:06:58]} 22... Qe4 { [%clk
00:23:20]  [%emt 00:05:09]} 23. Qxe4 {[%clk 00:13:12]  [%emt 00:02:17]} 23...
Rxe4 {[%clk 00:23:45]  [%emt 00:00:06]} 24. hxg5 { [%clk 00:12:28]  [%emt
00:01:14]} 24... hxg5 {[%clk 00:23:51]  [%emt 00:00:24]} 25. Bxg5 {[%clk
00:12:07]  [%emt 00:00:50]} 25... Bd7 { [%clk 00:23:26]  [%emt 00:00:55]} 26.
Rae1 {[%clk 00:09:46]  [%emt 00:02:51]} 26... Rae8 {[%clk 00:23:35]  [%emt
00:00:22]} 27. Rxe4 { [%clk 00:09:54]  [%emt 00:00:22]} 27... Rxe4 {[%clk
00:24:00]  [%emt 00:00:05]} 28. Rf3 {[%clk 00:09:03]  [%emt 00:01:21]} 28...
Kh7 { [%clk 00:16:57]  [%emt 00:07:34]} 29. Be3 {[%clk 00:06:32]  [%emt
00:03:01]} 29... a6 {[%clk 00:15:58]  [%emt 00:01:29]} 30. Rg3 { [%clk
00:05:49]  [%emt 00:01:12]} 30... Rg4 {[%clk 00:14:48]  [%emt 00:01:40]} 31.
Rf3 {[%clk 00:04:26]  [%emt 00:01:52]} 31... Kg6 { [%clk 00:14:36]  [%emt
00:00:43]} 32. Bc5 {[%clk 00:04:01]  [%emt 00:00:53]} 32... Rg5 {[%clk
00:14:22]  [%emt 00:00:45]} 33. Bd4 { [%clk 00:01:55]  [%emt 00:02:36]} 33...
Rd5 {[%clk 00:12:45]  [%emt 00:02:07]} 34. Bc3 {[%clk 00:01:48]  [%emt
00:00:37]} 34... Rxd6 { [%clk 00:11:27]  [%emt 00:01:48]} 35. Rg3+ {[%clk
00:01:14]  [%emt 00:01:05]} 35... Kf5 {[%clk 00:11:44]  [%emt 00:00:12]} 36.
Rf3+ { [%clk 00:01:26]  [%emt 00:00:18]} 36... Ke4 {[%clk 00:09:21]  [%emt
00:02:53]} 37. Kg1 {[%clk 00:00:50]  [%emt 00:01:06]} 37... Rd3 { [%clk
00:03:45]  [%emt 00:06:06]} 38. Rf1 {[%clk 00:00:44]  [%emt 00:00:37]} 38...
Be6 {[%clk 00:03:05]  [%emt 00:01:10]} 39. a3 { [%clk 00:01:02]  [%emt
00:00:12]} 39... Bb3 {[%clk 00:02:20]  [%emt 00:01:14]} 40. Kf2 {[%clk
00:00:43]  [%emt 00:00:48]} 40... Rd1 { [%clk 00:01:37]  [%emt 00:01:14]} 41.
Re1+ {[%clk 00:29:18]  [%emt 00:01:53]} 41... Rxe1 {[%clk 00:31:55]  [%emt
00:00:13]} 42. Bxe1 { [%clk 00:29:09]  [%emt 00:00:39]} 42... Kf5 {[%clk
00:31:21]  [%emt 00:01:03]} 43. Bc3 {[%clk 00:26:47]  [%emt 00:02:52]} 43... a5
{ [%clk 00:31:18]  [%emt 00:00:33]} 44. Bxa5 {[%clk 00:20:17]  [%emt 00:07:00]}
44... Kxf6 {[%clk 00:31:42]  [%emt 00:00:06]} 45. Ke3 { [%clk 00:19:51]  [%emt
00:00:56]} 45... Ke5 {[%clk 00:31:30]  [%emt 00:00:42]} 46. Bc3+ {[%clk
00:19:26]  [%emt 00:00:55]} 46... Kd5 { [%clk 00:31:41]  [%emt 00:00:18]} 47.
Kf4 {[%clk 00:18:17]  [%emt 00:01:40]} 47... Kc5 {[%clk 00:31:18]  [%emt
00:00:53]} 48. Ke5 { [%clk 00:18:10]  [%emt 00:00:35]} 48... Bd5 {[%clk
00:31:29]  [%emt 00:00:20]} 49. g3 {[%clk 00:17:57]  [%emt 00:00:43]} 49... b5
{ [%clk 00:31:42]  [%emt 00:00:18]} 50. Bb4+ {[%clk 00:16:30]  [%emt 00:01:57]}
50... Kc4 {[%clk 00:32:03]  [%emt 00:00:09]} 51. Bc3 { [%clk 00:15:56]  [%emt
00:01:04]} 51... Kb3 {[%clk 00:32:12]  [%emt 00:00:22]} 52. Kd6 {[%clk
00:15:42]  [%emt 00:00:43]} 52... Kc4 { [%clk 00:32:22]  [%emt 00:00:21]} 53.
Ke5 {[%clk 00:15:43]  [%emt 00:00:28]} 53... Kb3 {[%clk 00:32:44]  [%emt
00:00:07]} 1/2-1/2